<?xml version="1.0" encoding="UTF-8"?>
<marc:record xmlns:marc="http://www.loc.gov/MARC21/slim">
   <marc:leader>00000nam a2200000 a 4500</marc:leader>
   <marc:datafield ind1="1" ind2=" " tag="100">
      <marc:subfield code="a">Fritz, Astrid</marc:subfield>
      <marc:subfield code="4">aut</marc:subfield>
      <marc:subfield code="e">Verfasser/-in</marc:subfield>
   </marc:datafield>
   <marc:datafield ind1="0" ind2="0" tag="245">
      <marc:subfield code="a">Die Himmelsbraut</marc:subfield>
   </marc:datafield>
   <marc:datafield ind1="0" ind2="0" tag="245">
      <marc:subfield code="b">Historischer Roman</marc:subfield>
   </marc:datafield>
   <marc:datafield ind1="0" ind2="0" tag="245">
      <marc:subfield code="c">Astrid Fritz</marc:subfield>
   </marc:datafield>
   <marc:datafield ind1=" " ind2="1" tag="264">
      <marc:subfield code="a">Reinbek</marc:subfield>
      <marc:subfield code="b">Rowohlt</marc:subfield>
      <marc:subfield code="c">2012</marc:subfield>
   </marc:datafield>
   <marc:datafield ind1=" " ind2=" " tag="250">
      <marc:subfield code="a">1. Auflage</marc:subfield>
   </marc:datafield>
   <marc:datafield ind1="1" ind2=" " tag="520">
      <marc:subfield code="a">Südbaden, 1520: Auf dem Gutshof des Ritters von Holderstein erlebt Antonia eine unbeschwerte Kindheit. Der Höhepunkt des Tages ist für sie, den Unterrichtsstunden des Kammerfräuleins zu entkommen und mit ihrem Freund Phillip, dem Ritterssohn, durch die Natur zu streifen. Als Phillip ihr eines Tages von einem gewissen Martin Luther erzählt, der sich gegen die katholische Kirche erhebt und dessen Flugschriften schon die Runde machen, ahnt sie noch nicht, dass ihre heile Welt in Kürze zusammenbrechen wird.</marc:subfield>
   </marc:datafield>
   <marc:datafield ind1=" " ind2=" " tag="020">
      <marc:subfield code="a">9783463406244</marc:subfield>
      <marc:subfield code="9">9783463406244</marc:subfield>
   </marc:datafield>
   <marc:datafield ind1=" " ind2=" " tag="020">
      <marc:subfield code="a">3463406241</marc:subfield>
      <marc:subfield code="9">3463406241</marc:subfield>
   </marc:datafield>
   <marc:datafield ind1=" " ind2=" " tag="300">
      <marc:subfield code="a">475 S.</marc:subfield>
   </marc:datafield>
</marc:record>
